000
00404nam a22001337a 4500
020
_a
9788178441788
082
_a
158.05
100
_a
Dr. Asha Rani
245
_a
Applied Psychology
260
_a
New Delhi
_b
K.K Publications
_c
2014.
300
_a
288p
942
_c
BK
999
_c
2965
_d
2965